| 000 | 00543nam a22001817a 4500 | ||
|---|---|---|---|
| 005 | 20260130131009.0 | ||
| 008 | 260130b |||||||| |||| 00| 0 eng d | ||
| 020 |
_a9781470438388 _c1645.00 |
||
| 040 | _aMAIN | ||
| 041 | _aEnglish | ||
| 082 |
_a510 _bARN |
||
| 100 |
_aArnold, V. I. _926114 |
||
| 245 |
_aMathematical Understanding of Nature _b: Essays on Amazing Physical Phenomena and Their Understanding by Mathematicians |
||
| 260 |
_aHyderabad _bUniversity Press _c2023 |
||
| 300 | _a167 | ||
| 650 |
_aMathematics _9133 |
||
| 942 | _cBK | ||
| 999 |
_c60164 _d60164 |
||